Psicología criminal aplicada: aspectos procesales, periciales y forenses
| 1. VerfasserIn: | |
|---|---|
| Medienart: | Druck Buch |
| Sprache: | Spanisch |
| Veröffentlicht: |
Madrid
Dykinson
2018
|
| In: | Jahr: 2018 |
| Online-Zugang: |
Inhaltsverzeichnis Klappentext |
| Bestand in Tübingen: | In Tübingen vorhanden. UB: KB 20 A 9726 |
| Verfügbarkeit prüfen: | HBZ Gateway |
| Subito Bestelldienst: | Jetzt bestellen. |
| Schlagwörter: |
MARC
| LEADER | 00000cam a2200000 c 4500 | ||
|---|---|---|---|
| 001 | 1641398698 | ||
| 003 | DE-627 | ||
| 005 | 20240510192449.0 | ||
| 007 | tu | ||
| 008 | 180823s2018 xx ||||| 00| ||spa c | ||
| 020 | |a 9788491487128 |c Broschur |9 978-84-9148-712-8 | ||
| 035 | |a (DE-627)1641398698 | ||
| 035 | |a (DE-576)510329373 | ||
| 035 | |a (DE-599)BSZ510329373 | ||
| 035 | |a (OCoLC)1050696249 | ||
| 040 | |a DE-627 |b ger |c DE-627 |e rda | ||
| 041 | |a spa | ||
| 084 | |a 2,1 |2 ssgn | ||
| 100 | 1 | |a Ibáñez Peinado, José |e VerfasserIn |0 (DE-588)1169171583 |0 (DE-627)1032809043 |0 (DE-576)446525030 |4 aut | |
| 109 | |a Ibáñez Peinado, José |a Peinado, José Ibáñez |a Ibáñez, José | ||
| 245 | 1 | 0 | |a Psicología criminal aplicada |b aspectos procesales, periciales y forenses |c Jośe Ibáñez Peinado |
| 264 | 1 | |a Madrid |b Dykinson |c 2018 | |
| 300 | |a 693 Seiten | ||
| 336 | |a Text |b txt |2 rdacontent | ||
| 337 | |a ohne Hilfsmittel zu benutzen |b n |2 rdamedia | ||
| 338 | |a Band |b nc |2 rdacarrier | ||
| 583 | 1 | |a Archivierung/Langzeitarchivierung gewährleistet |f SSG |x XA-DE-BW |2 pdager |5 DE-21 | |
| 689 | 0 | 0 | |d s |0 (DE-588)4033186-6 |0 (DE-627)106258567 |0 (DE-576)209000538 |a Kriminalpsychologie |2 gnd |
| 689 | 0 | 1 | |d s |0 (DE-588)4131534-0 |0 (DE-627)105694398 |0 (DE-576)209628057 |a Gerichtliche Psychologie |2 gnd |
| 689 | 0 | |5 (DE-627) | |
| 856 | 4 | 2 | |u https://swbplus.bsz-bw.de/bsz510329373inh.htm |m V:DE-576;B:DE-21 |q application/pdf |v 20181025151311 |3 Inhaltsverzeichnis |7 1 |
| 856 | 4 | 2 | |u https://swbplus.bsz-bw.de/bsz510329373kla.htm |m V:DE-576;B:DE-21 |q application/pdf |v 20181025151311 |3 Klappentext |7 1 |
| 935 | |a mkri | ||
| 951 | |a BO | ||
| ELC | |b 1 | ||
| LOK | |0 000 xxxxxcx a22 zn 4500 | ||
| LOK | |0 001 3304238735 | ||
| LOK | |0 003 DE-627 | ||
| LOK | |0 004 1641398698 | ||
| LOK | |0 005 20181016145507 | ||
| LOK | |0 008 180823||||||||||||||||ger||||||| | ||
| LOK | |0 040 |a DE-21 |c DE-627 |d DE-21 | ||
| LOK | |0 852 |a DE-21 | ||
| LOK | |0 852 1 |c KB 20 A 9726 |9 00 | ||
| LOK | |0 935 |a krim | ||
| LOK | |0 938 |a 1810 |f 34 | ||
| LOK | |0 939 |a 23-08-18 |b l01 | ||
| LOK | |0 000 xxxxxcx a22 zn 4500 | ||
| LOK | |0 001 3304238824 | ||
| LOK | |0 003 DE-627 | ||
| LOK | |0 004 1641398698 | ||
| LOK | |0 005 20190711165552 | ||
| LOK | |0 008 181022||||||||||||||||ger||||||| | ||
| LOK | |0 040 |a DE-Frei85 |c DE-627 |d DE-Frei85 | ||
| LOK | |0 852 |a DE-Frei85 | ||
| LOK | |0 852 1 |m p |9 00 | ||
| LOK | |0 938 |k p | ||
| LOK | |0 939 |a 22-10-18 |b l01 | ||
| ORI | |a SA-MARC-krimdoka001.raw | ||
| SIG | |a UB: KB 20 A 9726 | ||
